Tennis - Qui a signé ça? - Statistiques

Statistiques générales
  • Ce quiz a été pris 30 fois
  • Le résultat moyen est 8 sur 16
Statistiques - réponses
Par images Réponse % Correct
Carlos Alcaraz
88%
Jannik Sinner
83%
Novak Djokovic
83%
Daniil Medvedev
79%
Fabio Fognini
71%
Andrey Rublev
63%
Stefanos Tsitsipas
63%
Gael Monfils
58%
Andy Murray
54%
Nick Kyrgios
50%
Dominic Thiem
38%
Taylor Fritz
38%
Hubert Hurkacz
21%
Karen Khachanov
21%
John Isner
17%
Alejandro Davidovich Fokina
8%
Aucun quiz correspondant
Distribution des résultats
% des personnes avec chaque résultat
Percentile par nombre de réponses
Votre historique - résultats
Vous n’avez pas pris ce quiz